Представление документа в формате MARC21

Поле Инд. ПП Название Значение
Тип записи a
Библиографический уровень m
001 Контрольный номер RU/IS/BASE/346779653
005 Дата корректировки 20140225224659.4
040 a Служба первич. каталог. НБ ТвГУ
b Код языка каталог. rus
e Правила каталог. PSBO
041 0_ a Код языка текста rus
080 a Индекс УДК 536(075.8)
084 a Индекс другой классификации/Индекс ББК В317.1я73-1
090 a Полочн. индекс 530.14
x Авторский знак Р 15
100 1_ a Автор Радушкевич Леонид Викторович
q Полное имя Радушкевич Л. В.
245 10 a Заглавие Курс термодинамики
b Продолж. заглавия учебное пособие для студентов физико-математических факультетов педагогических институтов
260 a Место издания Москва
b Издательство Просвещение
c Дата издания 1971
300 a Объем 288 с.
b Иллюстрации/ тип воспроизводства ил.
504 a Библиография Библиогр.: с. 3 (10 назв.)
504 a Библиография Предм. указ.: с. 283-285
653 a Ключевые слова Теоретическая физика
a Ключевые слова Термодинамика
a Ключевые слова Учебники для вузов
a Ключевые слова Физика
901 t Тип документа m
910 a гриф есть*
920 a Оператор Густ
930 a Новая/Ретро учебники
952 c Вид литературы К ру
954 a Дата поступления на обработку 20110117